<?xml version="1.0" encoding="UTF-8"?>
<record
    xmlns:xsi="http://www.w3.org/2001/XMLSchema-instance"
    xsi:schemaLocation="http://www.loc.gov/MARC21/slim http://www.loc.gov/standards/marcxml/schema/MARC21slim.xsd"
    xmlns="http://www.loc.gov/MARC21/slim">

  <leader>01120nam a22001817a 4500</leader>
  <controlfield tag="008">120903t        xxu||||| |||| 00| 0 eng d</controlfield>
  <datafield tag="020" ind1=" " ind2=" ">
    <subfield code="a">978998811379</subfield>
  </datafield>
  <datafield tag="050" ind1=" " ind2=" ">
    <subfield code="a">G155.64.T68</subfield>
  </datafield>
  <datafield tag="100" ind1=" " ind2=" ">
    <subfield code="a">Akyeampong, Oheneba</subfield>
  </datafield>
  <datafield tag="245" ind1=" " ind2=" ">
    <subfield code="a">Tourism in Ghana. /</subfield>
    <subfield code="c">Ayeampong Oheneba</subfield>
  </datafield>
  <datafield tag="260" ind1=" " ind2=" ">
    <subfield code="a">Accra - Ghana:</subfield>
    <subfield code="b">Assemblies of God Lit Centre,</subfield>
    <subfield code="c">2008.</subfield>
  </datafield>
  <datafield tag="300" ind1=" " ind2=" ">
    <subfield code="a">xi, 233 p.:</subfield>
    <subfield code="b">ill.;</subfield>
    <subfield code="c">24cm.</subfield>
  </datafield>
  <datafield tag="500" ind1=" " ind2=" ">
    <subfield code="a">Includes index.</subfield>
  </datafield>
  <datafield tag="505" ind1=" " ind2=" ">
    <subfield code="a">Contents: Attractions: The Bedrock of tourism development in Ghana -- Event tourism in Ghana -- Ecotourism planning and development in Ghana -- Tourism planning in Ghana -- Marketing Ghana as a tourist destination: Products and markets -- Tourism distribution channels in Ghana -- A Proposed framework for tourism education and training in Ghana -- Domestic tourism in Ghana -- Micro/ Small - Scale hospitality businesses and agenda for research in Ghana -- The Adoption of information and communication technologies by hotels in the Greater Accra region -- Spatio - Temporal aspects of tourism development in Ghana.</subfield>
  </datafield>
  <datafield tag="650" ind1=" " ind2=" ">
    <subfield code="a">Tourism</subfield>
    <subfield code="x">Ghana</subfield>
  </datafield>
  <datafield tag="700" ind1=" " ind2=" ">
    <subfield code="a">Alex Boakye Asiedu</subfield>
  </datafield>
  <datafield tag="942" ind1=" " ind2=" ">
    <subfield code="2">lcc</subfield>
    <subfield code="c">BK</subfield>
  </datafield>
  <datafield tag="999" ind1=" " ind2=" ">
    <subfield code="c">2299</subfield>
    <subfield code="d">9799</subfield>
  </datafield>
  <datafield tag="952" ind1=" " ind2=" ">
    <subfield code="0">0</subfield>
    <subfield code="1">0</subfield>
    <subfield code="2">lcc</subfield>
    <subfield code="4">0</subfield>
    <subfield code="7">0</subfield>
    <subfield code="a">WIUC-1</subfield>
    <subfield code="b">WIUC-1</subfield>
    <subfield code="c">GEN</subfield>
    <subfield code="d">2012-09-03</subfield>
    <subfield code="l">0</subfield>
    <subfield code="o">G155.64.T68</subfield>
    <subfield code="p">4934/12</subfield>
    <subfield code="r">2012-09-03 00:00:00</subfield>
    <subfield code="t">1</subfield>
    <subfield code="w">2012-09-03</subfield>
    <subfield code="y">BK</subfield>
  </datafield>
</record>
